000 00616nam a2200205Ii 4500
003 JO-AjNU
008 230605s9999||||xx |||||||||||||| ||und||
040 _aJO-AjNU
_bara
_erda
_cJO-AjNU
041 _aara
050 1 4 _aQC437 1986
100 3 _aغريغوري، ريتشارد ,
_eauthor
_940313
245 0 0 _aبيوكيمياء التركيب الضوئي
250 _aط3
264 3 1 _aد.م : د.ن ، 1986
300 _a335ص
336 _atext
_btxt
_2rdacontent
337 _aunmediated
_bn
_2rdamedia
338 _avolume
_bnc
_2rdacarrier
650 4 _aالكيمياء-تركيب الضوئي
_940314
999 _aA17097
_c20665
_d20665